000 02828nam0a2200373 4500
001 RU\NLR\BIBL_A\012040834
005 20250822115315.0
010 _a978-5-9973-5186-1
_920
021 _aRU
_bКН-П-19-038161
_9КН-П-19-2800
035 _a(NLR Aleph) 012040834
035 _a(RuMoRGB)009989322
090 _a11601023
_c11601023
100 _a20190621d2019 k y0rusy50 ca
101 0 _arus
102 _aRU
105 _aa|||zzzz1||zy
200 1 _aНовый виток развития учетно-контрольных и аналитических процессов в цифровой экономике
_eматериалы научно-исследовательской работы преподавателей и студентов Финансового университета при Правительстве Российской Федерации
_fМеждународная научно-практическая конференция "Декабрьские чтения памяти С. Б. Барнгольц" молодежный форум, Финансовый университет при Правительстве Российской Федерации, Департамент учета и аудита
_gпод редакцией к.э.н. М. М. Басовой
210 _aМосква
_cСпутник+
_d2019
215 _a239 с.
_cил., табл.
_d21
300 _aНа тит. л. и обл.: 100 лет
320 _aБиблиогр. в конце ст.
606 1 _aЦифровая экономика
_yРоссийская Федерация
_jСъезды, совещания и т.п
_2nlr_sh2
_3RU\NLR\AUTH\6601752480
606 1 _aБухгалтерский учет
_xИнформационные технологии
_yРоссийская Федерация
_jСъезды, совещания и т.п
_2nlr_sh1
_2nlr_sh2
_3RU\NLR\AUTH\661269506
686 1 _aУ39(2)я431
686 1 _aУ052.9(2)2-211.852я431
702 1 _aБасова
_bМ. М.
_gМария Михайловна
_4340
711 1 2 _a"Декабрьские чтения памяти С. Б. Барнгольц", международная научно-практическая конференция
_f2018
_eМосква
_3RU\NLR\AUTH\880504825
712 0 2 _aФинансовый университет при Правительстве Российской Федерации
_cМосква
_bДепартамент учета, анализа и аудита
_3RU\NLR\AUTH\880453279
_4570
942 _cBOOK
980 _aNBR
980 _aNB